01407cam a22003617a 4500003000500000005001700005008004100022010001000063011001000073035001100083040000900094090001000103100003800113245015000151260004300301300001000344502011200354590003700466590004100503590004100544590004100585590004200626650002400668650004000692650005000732650004200782901000700824905001000831942001000841949005000851999001700901952012700918CHAP20250808102013.0050119d2004 mx r 00110 spa d a89331 a90303 a100859 cCHAP aTesis10aBautista Reyes, Benjamín91095110aAlmacenamiento refrigerado y uso de 1-metilciclopropeno en frutos de chicozapote (Manilkara sapota (L.) P. Royen)c/por Benjamín Bautista Reyes aMontecillo, Méx. :bEl autor,c2004. a63 h. aTesis (M. C.) - - C. P. Instituto de Recursos Genéticos y Productividad. Programa de Fisiología Vegetal aALEPHb10c20130110lUCH01h1503 aBATCH-UPDb10c20130110lUCH01h0240 aBATCH-UPDb10c20130409lUCH01h2307 aBATCH-UPDb10c20130914lUCH01h0548 aCONVERSIONb10c20130109lUCH01h134914aChicozapote.92227914aChicozapotexAlmacenamiento.92228014aChicozapotexTecnología postcosecha.92228314aFríoxEfecto en chicozapote.943528 aBK aLilia cTESIS aTesisbBCcTESd100859eTS1h43228i100859sb c89331d89331 00102local4051708TESISaBCbBCcPA_TESISd2019-12-31fTESISl0oTesisp100859r2019-12-31 00:00:00w2019-12-31yTESIS